000 nam a22 7a 4500
999 _c29177
_d29177
008 171116b xxu||||| |||| 00| 0 eng d
020 _a9789966460172
050 _aDT 453 .K46 2015
245 _aFacing Mount Kenya:
_bthe traditional life of the Kikuyu /
260 _aNairobi:
_bKenyway Publications,
_c2015.
300 _axxi, 236p. :
_bill. ;
_c23 cm.
650 _aKikuyu (African people) .
650 _a Ethnology
_xAfrica, East.
942 _2lcc
_cAFRICANA
_hDT 453 .K46 2015
_02